000 00761nab a2200169Ia 4500
003 ES-SlBCS
005 20210601131312.0
008 140529s1997 xxu||||| |||| 00| 0 fre d
041 _afre
100 1 _aJarousse, Jean-Pierre
_9183388
245 0 0 _aLes inspections primaires de l'Éducation nationale: dotations, pratiques et effets sur le fonctionnement des écoles et les acquis des élèves
_c Jean-Pierre Jarousse L'Enseignement : Éléments D'Évaluation Des Effets Au Collège , Alain Mingat
650 0 4 _aEscuela Elemental
_9183387
700 1 _aL'enseignement : Éléments D'évaluation des Effets Au Collège
_9183389
700 1 _aMingat, Alain
_9183390
773 0 _tRevue Française de Pedagogie
_gnº. 118, 1997, págs. 5-25
_wRev888
942 _cAR
999 _c560943
_d560943